000 01039nmc a2200313 a 4500
003 AR-BaBNM
005 20251128203901.0
008 077019s1975 ||||||||||||||000 | spa||
040 _cAR-BaBNM
100 1 _aBremer, John
245 1 0 _aLa escuela sin paredes
_buna nueva experiencia educativa
260 _aBuenos Aires
_bEl Ateneo
_c1975
300 1 _axi, 254 p.
_bil., diagr.
490 0 _aNuevas orientaciones de la educación. Problemática de la educación
500 0 _aEsta obra refiere al Programa PARKWAY: experiencia educacional surgida en Filadelfia
504 _aBibliografía: p. 253-254
650 4 _aMETODOS DE ENSENANZA
650 4 _aORGANIZACION ESCOLAR
650 4 _aORGANIZACION ADMINISTRATIVA
650 4 _aRELACION ALUMNO-DOCENTE
651 4 _aEstados Unidos
653 0 _aEDUCACION SECUNDARIA
653 0 _aINNOVACIONES EDUCATIVAS
653 0 _aPROCESO DE ENSENANZA-APRENDIZAJE
700 1 _aMoschzisker, Michael von
700 1 _aSierra, Emilio M.
_etraductor
942 _cBK
998 _cSILVI
999 _c5323
_d5323